01326nam a2200361 a 450000100060000000300080000600500170001400800410003102000150007203500200008703500170010704000350012404100080015908200240016710000340019124500920022526000520031730000350036950400640040465000400046865000530050865000310056165000250059265000280061765000270064565000190067265500370069170000280072871000250075694200120078199900170079395201540081059497BD-RjUL20211209080735.0161226s2002 enka sb 001 0 eng  z0521814081 a(BD-RjUL) 59621 a(NNC)5375545 aCaPaEBRcCaPaEBRbengdBD-RjUL aeng04a330.9223bSCS 20021 aSchneider, Friedrich.917696814aThe shadow economy :ban international survey /cFriedrich Schneider, Dominik H. Enste. aCambridge :bCambridge University Press,c2002. axiii, 222 p. :bill. ;c24 cm. aIncludes bibliographical references (p. 194-214) and index. 0aInformal sector (Economics)9176969 0aBusiness enterprisesxCorrupt practices.9176970 0aCommercial crimes.9176971 0aTax evasion.9176972 0aIllegal aliens.9176973 0aWelfare fraud.9176974 0aFraud.9176975 0aElectronic books.2local91710331 aEnste, Dominik.91769762 aebrary, Inc.9171991 2ddccBK c59497d59497 00102ddc40718NFICaRUCLbRUCLcReadingd2008-02-20eParagon Enterprises Dhakag42.75l0o330.9 SCS 2002r2016-12-26 00:00:00tC-1w2016-12-26yBK